| 000 | 00610nam a2200193 a 4500 | ||
|---|---|---|---|
| 005 | 20240210063844.0 | ||
| 008 | 070822s2004 mx r 000 0 spa d | ||
| 020 | _a9871004710 | ||
| 035 | _aUPN01000151225 | ||
| 049 | _aCG | ||
| 050 | 4 |
_aHM851 _bS6.4 |
|
| 245 | 0 | 0 |
_aSociedad de la información y el conocimiento : _bentre lo falaz y lo posible / _ccoord. Delia Crovi Druetta. |
| 260 |
_aBuenos Aires : _bLa Crujía, _c2004. |
||
| 300 | _a391 p. | ||
| 440 | 0 | _aInclusiones : categorías | |
| 650 | 4 |
_aSociedad de la información _94894 |
|
| 650 | 4 |
_aAdministración del conocimiento _9495 |
|
| 905 | _aLibro | ||
| 999 |
_c123363 _d123363 |
||